000 00360 a2200145 4500
005 20250629052237.0
020 _a978-1-84480-111-4
082 _a658.40 LUC
100 _aLUCEY, T
245 _aQuantitative Techniques
250 _a6th Ed.
260 _aLondon
_bCengage Learning
_c2002.
300 _aviii,558p.: ill.; figures
_bIndex
_c24cm
942 _2ddc
_cBKS
999 _c6213
_d6213